Dakuon Practice for Hiragana - Statistics

General Stats
  • This quiz has been taken 82 times
  • The average score is 19 of 25
Answer Stats
Hint Answer % Correct
ga
100%
gi
96%
gu
96%
ge
93%
go
93%
za
93%
zu
93%
zu
93%
ze
87%
ji
84%
ji
84%
zo
84%
da
82%
ba
69%
do
69%
po
69%
be
64%
de
64%
pi
64%
bi
62%
bo
62%
bu
62%
pu
62%
pe
60%
pa
58%
No matching quizzes found
Score Distribution
Percent of People with Each Score
Percentile by Number Answered
Your Score History
You have not taken this quiz